000 00769nam a22002057a 4500
999 _c3902
_d3902
003 AR-CdUCM
008 190307b ||||| |||| 00| 0 spa d
040 _aMUNICIPALIDAD PROVINCIAL DEL CUSCO
_cBIBLIOTECA MUNICIPAL DEL CUSCO
082 _a869.569 /
_bC86
100 _aCoyné, André
_912520
245 _aCésar Vallejo /
260 _aLima :
_bEdiciones SEA,
_c1989.
300 _a228 paginas ;
_c20 cm.
505 _aContenido :De santiago de chuco a lima -- En torno a los heraldos negros -- Años y contexto de trilce -- Trilce y la poética de la orfandad -- Los heraldos negros: Nacimiento de un poeta ...
650 _aEscritores peruanos
_9979
650 _aLiteratos peruanos
_9808
650 _aBiografías
_9148
942 _2ddc
_cLIBROS
945 _arum